Basic engineering mathematics (رقم التسجيلة. 14378)

تفاصيل مارك
000 -الفاتح
حقل البيانات ثابتة الطول 00470nam a22001937a 4500
003 - محدد رقم الضبط
رقم الضبط OSt
005 - وقت وتاريخ اخر تعامل مع التسجيلة
رقم الضبط 20170110130642.0
008 - عناصر البيانات ثابتة الطول - معلومات عامة
حقل البيانات ثابتة الطول 110914t xxu||||| |||| 00| 0 eng d
020 ## - الرقم الدولى المعيارى للكتب
الرقم الدولى المعيارى للكتاب 0750657758
020 ## - الرقم الدولى المعيارى للكتب
الرقم الدولى المعيارى للكتاب 9780750657754
040 ## - مصدر الفهرسة
وكالة الفهرسة الأصلية MU
لغة الفهرسة ENG
وكالة النسخ MB
082 ## - رقم تصنيف ديوى العشرى
رقم الطبعة 21
100 ## - المدخل الرئيسى - إسم شخصى
الإسم الشخصى Bird, J. O
9 (RLIN) 4518
245 ## - بيان العنوان
العنوان Basic engineering mathematics
260 ## - PUBLICATION, DISTRIBUTION, ETC. (IMPRINT)
مكان الناشر او الموزع Oxford
اسم الناشر او الموزع Newnes
تاريخ النشر أو التوزيع 2000
300 ## - الوصف المادى
التعداد 271
650 ## - المدخل الاضافى بالموضوع-مصطلح موضوعى
مصطلح موضوعي أو اسم جغرافي كعنصر مدخل Engineering mathematics
9 (RLIN) 4519
942 ## - عناصر المدخل الإضافي( كوها)
مصدر التصنيف او مخطط الترفيف Dewey Decimal Classification
Koha [default] item type كتاب
المقتنيات
حالة الفقد نموذج السعر الفعال حالة تلف ليس للاعارة رقم الطلب تاريخ الاكتساب الموقع الحالي الباركود الفرع الرئيسي Date last seen نوع المادة فى نظام كوها مصدر التصنيف او خطة الترفيف Total Checkouts
  2013-03-10     510.2462 B J B 2011-09-14 المكتبة المركزية بالمجمعة (CL) 00049722 المكتبة المركزية بالمجمعة (CL) 2013-03-10 كتاب Dewey Decimal Classification  
  2013-03-10     510.2462 B J B 2011-09-19 المكتبة المركزية بالمجمعة (CL) 00049720 المكتبة المركزية بالمجمعة (CL) 2013-03-10 كتاب Dewey Decimal Classification  
  2013-03-10     510.2462 B J B 2011-09-19 المكتبة المركزية بالمجمعة (CL) 00049719 المكتبة المركزية بالمجمعة (CL) 2013-03-10 كتاب Dewey Decimal Classification  
  2013-03-10     510.2462 B J B 2011-09-19 المكتبة المركزية بالمجمعة (CL) 00049718 المكتبة المركزية بالمجمعة (CL) 2013-03-10 كتاب Dewey Decimal Classification